Statistics for Cities That Beat Delhi (13-Question Version)

Click here to take the quiz!

General Stats

  • This quiz has been taken 23 times
  • The average score is 11 of 13

Answer Stats

RankCategoryCity% Correct
6Capital with the Most TouristsBangkok | London | Singapore | Paris |
Kuala Lumpur
100%
10Asia's Busiest AirportsBeijing | Dubai | Tokyo | Hong Kong |
Shanghai | Guangzhou | Singapore | Seoul |
Bangkok
100%
4Most populous urban area
of the world
Guangzhou | Tokyo | Shanghai |
Jakarta
100%
2India's Busiest AirportsMumbai
100%
2Most populous 5-letter urban areaTokyo
100%
3Higher population density in India
(Source)
Mumbai | Kolkata
95%
8Most Foreign EmbassiesBrussels | Washington D.C. | London | Beijing |
Berlin | Paris | Tokyo
90%
8A megacity closest to Africa, but not part of AfricaKarachi | Lahore | Tehran | Istanbul | Mumbai |
Paris | London
90%
4Largest surface area in Asia
(Source)
Tokyo | Nagoya | Kuala Lumpur | Jakarta
76%
3The city with the highest population density
beginning with the letter D
Dhaka | Damascus
67%
6The city with the highest density ending with the letter IMumbai | Karachi | Makati | Thessaloniki |
Nea Smyrni
62%
43m city closest to FaisalabadRawalpindi | Lahore | Kabul
62%
2Megacity located further from the oceanLahore
38%

Score Distribution

Percentile by Number Answered

Percent of People with Each Score

Your Score History

You have not taken this quiz